[Event "Granby"]
[Site "Granby"]
[Date "2018.11.24"]
[Round "3.7"]
[White "Mathieu, Guillaume"]
[Black "Papineau, Daniel"]
[Result "1/2-1/2"]
[WhiteElo "1910"]
[BlackElo "2073"]
[PlyCount "150"]
[EventDate "2018.11.23"]
[EventType "swiss"]
[EventRounds "5"]
[EventCountry "CAN"]
[SourceTitle "EXT 2022"]
[Source "ChessBase"]
[SourceDate "2021.10.06"]
[SourceVersion "1"]
[SourceVersionDate "2021.10.06"]
[SourceQuality "1"]

1. d4 Nf6 2. Nf3 e6 3. Bg5 c5 4. c3 cxd4 5. Qxd4 Nc6 6. Qa4 Be7 7. Nbd2 d5 8. e3 Bd7 9. Bb5 a6 10. Bxc6 Bxc6 11. Qc2 b5 12. 0-0 0-0 13. Rfd1 Qb6 14. Ne5 Rac8 15. a4 Be8 16. Qb3 Qb8 17. axb5 axb5 18. Nd3 Bd6 19. Bxf6 gxf6 20. h3 Kh8 21. Ra6 Rg8 22. Nb4 Bc5 23. Nd3 Bd6 24. Rda1 Bc6 25. Nb4 Bb7 26. Rb6 Qc7 27. Rxb5 Rb8 28. Ra7 Bc5 29. Na6 Qe5 30. Rbxb7 Qg5 31. g4 Bxa7 32. Rxb8 Bxb8 33. Nxb8 f5 34. Nd7 fxg4 35. hxg4 Qxg4+ 36. Kf1 Ra8 37. f3 Qg5 38. Ke2 Qe7 39. Ne5 f6 40. Nc6 Qc7 41. Nd4 Rb8 42. Qa3 Qh2+ 43. Kd3 e5 44. Nf5 Qh3 45. Nd6 Qe6 46. c4 dxc4+ 47. N6xc4 Rd8+ 48. Kc2 Qc6 49. Qe7 Rc8 50. b4 Re8 51. Qf7 Qe6 52. Qxe6 Rxe6 53. b5 h5 54. Kd3 Kg7 55. Ne4 Re8 56. Ned6 Rd8 57. Ke4 Kg6 58. b6 h4 59. f4 Kh5 60. fxe5 fxe5 61. b7 h3 62. Nf5 h2 63. Kxe5 Kg4 64. Nh6+ Kh3 65. Nf7 Re8+ 66. Kd4 h1Q 67. Nfd6 Rd8 68. e4 Qg1+ 69. Kd5 Qg7 70. Kc6 Qd7+ 71. Kb6 Rb8 72. e5 Kh4 73. Na5 Kg5 74. Nc6 Rxb7+ 75. Nxb7 Kf5 1/2-1/2

[Event "Laval op"]
[Site "Laval"]
[Date "2016.06.23"]
[Round "1.8"]
[White "Mathieu, Guillaume"]
[Black "Gauthier, Luc"]
[Result "1/2-1/2"]
[WhiteElo "2037"]
[BlackElo "1805"]
[PlyCount "83"]
[EventDate "2016.06.23"]
[EventType "swiss"]
[EventRounds "7"]
[EventCountry "CAN"]
[SourceTitle "EXT 2022"]
[Source "ChessBase"]
[SourceDate "2021.10.06"]
[SourceVersion "1"]
[SourceVersionDate "2021.10.06"]
[SourceQuality "1"]

1. e4 Nf6 2. Nc3 d5 3. e5 d4 4. exf6 dxc3 5. fxg7 cxd2+ 6. Qxd2 Qxd2+ 7. Bxd2 Bxg7 8. 0-0-0 0-0 9. Bd3 Nc6 10. Re1 e5 11. f4 Re8 12. f5 Bd7 13. Nf3 Nd4 14. Nxd4 exd4 15. g4 Rxe1+ 16. Rxe1 Re8 17. Rxe8+ Bxe8 18. Bf4 c5 19. Be4 b5 20. g5 c4 21. Bd6 Bf8 22. Bxf8 Kxf8 23. f6 Kg8 24. Kd2 a5 25. b3 Bd7 26. a4 cxb3 27. cxb3 bxa4 28. bxa4 Bxa4 29. Kd3 Bb3 30. Kxd4 a4 31. Kc3 Bd1 32. Kb4 Bb3 33. h3 Kh8 34. h4 Kg8 35. Bd3 Kh8 36. Be2 Kg8 37. h5 Kh8 38. Bd3 Bd1 39. Bxh7 Kxh7 40. g6+ fxg6 41. hxg6+ Kxg6 42. Ka3 1/2-1/2

[Event "Trois-Rivieres Mauricie op U2000"]
[Site "Trois Rivieres"]
[Date "2014.03.15"]
[Round "2"]
[White "Mathieu, Guillaume"]
[Black "Keep, Richard"]
[Result "1-0"]
[WhiteElo "1820"]
[BlackElo "1557"]
[PlyCount "63"]
[EventDate "2014.03.14"]
[EventType "swiss"]
[EventRounds "5"]
[EventCountry "CAN"]
[SourceTitle "EXT 2022"]
[Source "ChessBase"]
[SourceDate "2021.10.06"]
[SourceVersion "1"]
[SourceVersionDate "2021.10.06"]
[SourceQuality "1"]

1. e4 c6 2. d3 d5 3. Nc3 d4 4. Nce2 e5 5. g3 Nf6 6. Bg2 c5 7. f4 Nc6 8. Nf3 Bd6 9. 0-0 Bg4 10. h3 Bxf3 11. Bxf3 Qc7 12. c3 0-0 13. cxd4 Nxd4 14. Nxd4 cxd4 15. Bg2 Rac8 16. Rf2 b5 17. fxe5 Bxe5 18. Bf4 Rfe8 19. Rc1 Qe7 20. Rfc2 Rxc2 21. Rxc2 h6 22. Qf3 Qe6 23. Bxe5 Qxe5 24. Qf4 Qe6 25. Rc7 Qxa2 26. e5 Nh7 27. Qxd4 Qb1+ 28. Kh2 Qe1 29. Qd7 Qxe5 30. Qxf7+ Kh8 31. d4 Qe6 32. Qxg7# 1-0

[Event "Montreal op U2000"]
[Site "Montreal"]
[Date "2011.09.11"]
[Round "4"]
[White "Mathieu, Guillaume"]
[Black "Pregent, Daniel"]
[Result "0-1"]
[WhiteElo "1613"]
[BlackElo "1809"]
[PlyCount "67"]
[EventDate "2011.09.09"]
[EventType "swiss"]
[EventRounds "5"]
[EventCountry "CAN"]
[SourceTitle "EXT 2022"]
[Source "ChessBase"]
[SourceDate "2021.10.06"]
[SourceVersion "1"]
[SourceVersionDate "2021.10.06"]
[SourceQuality "1"]

1. c4 Nf6 2. Nc3 e6 3. g3 c6 4. d4 d5 5. Nf3 Nbd7 6. Bg2 Bd6 7. 0-0 0-0 8. Nd2 e5 9. dxe5 Bxe5 10. cxd5 Bxc3 11. bxc3 cxd5 12. c4 Ne5 13. cxd5 Nxd5 14. Qb3 Nb6 15. Qb5 Re8 16. Nf3 Bd7 17. Qb4 Bc6 18. Bb2 Nec4 19. e3 Nxb2 20. Qxb2 Nc4 21. Qd4 b5 22. Qxd8 Raxd8 23. Nd4 Bxg2 24. Kxg2 a6 25. a4 b4 26. Rfc1 Rc8 27. a5 Na3 28. Rc6 Ra8 29. Rac1 Reb8 30. Rc7 h6 31. Nc2 Nb5 32. Rc6 b3 33. Nd4 b2 34. Rd1 0-1